Top 15 Houston Rockets of All Time - Statistics

General Stats
  • This quiz has been taken 22 times
  • The average score is 8 of 15
Answer Stats
# Answer % Correct
1 Hakeem Olajuwon
95%
4 James Harden
90%
8 Yao Ming
75%
10 Tracy McGrady
65%
5 Clyde Drexler
60%
15 Kenny Smith
55%
7 Ralph Sampson
55%
11 Charles Barkley
50%
2 Moses Malone
45%
9 Rudy Tomjanovich
45%
14 Steve Francis
40%
13 Chris Paul
35%
3 Elvin Hayes
30%
12 Otis Thorpe
30%
6 Calvin Murphy
25%
No matching quizzes found
Score Distribution
Percent of People with Each Score
Percentile by Number Answered
Your Score History
You have not taken this quiz